000 00427nam a2200157 i 4500
001 31799
003 ES-MaACL
005 20230906154438.0
007 t|
008 030130s1924 gw ||||1| ger d
100 1 _aBecker, C. H.
_926936
245 1 0 _aKant and die bildungskrise der gegenwart /
_cvon C.H. Becker.
260 _aLeipzig :
_bQuelle & Meller,
_c1924.
300 _a26 p. ;
_c22 cm.
852 _aES-MaACL
_j1680-F-7
999 _c31799
_d31799